Responses for Show #2565 - Friday, October 27, 1995

Contestants

[<< previous game]

Lori Burns, a semi-retired attorney from Highland Park, Illinois

Jeffrey Jones, an actor and playwright originally from Dallas, Texas

Tom Welch, an accountant originally from Bedford, Massachusetts (whose 1-day cash winnings total $14,212)

[next game >>]

Jeopardy! Round responses

HISTORIC AMERICANS
MOVIE SONGS
INSECTS
NAMES
TRAVEL EUROPE
PREFIXES
    $100 6
Martin Luther King Jr.

Jeffrey
    $100 11
"Somewhere Over The Rainbow"

Jeffrey
    $100 13
the praying mantis

Jeffrey
    $100 18
Erin

Lori
    $100 1
Rome

Tom
    $100 23
arch

Jeffrey
    $200 7
(Jane) Addams

Tom
    $200 12
Philadelphia

Lori
    $200 17
a firefly

Tom
    $200 19
Enrico

Jeffrey
    $200 2
the franc

Tom
    $200 24
world (earth)

Jeffrey
    $300 8
the Cherokee

Tom
    $300 14
"As Time Goes By"

Jeffrey
    $300 28
fleas

Tom
    $300 20
Easter

Tom
    $300 3
Greece

Jeffrey
    $300 25
half

Jeffrey
    $400 9
Scopes

Tom
    $400 15
Dirty Dancing

Jeffrey
    $400 29
cockroaches

Tom
    $400 21
Lorna

Lori
    $400 4
Portugal

Jeffrey
    $400 26
retro

Tom
    $500 10
Buchanan

Jeffrey
    $500 16
Beaches

Jeffrey
    $500 30
the grub

Triple Stumper
    $500 22
Alexander

Triple Stumper
    $700 5
(Jeffrey: What is Venice?)

Istanbul

Jeffrey
    $500 27
avi (ornitho)

Lori

Scores at the first commercial break (after clue 15):

Tom Jeffrey Lori
$1,200 $1,500 $200

Scores at the end of the Jeopardy! Round:

Tom Jeffrey Lori
$2,800 $2,800 $1,200

Double Jeopardy! Round responses

THE FRENCH REVOLUTION
RELIGION
ISLANDS
POLITICIANS
PLAYS & PLAYWRIGHTS
POTPOURRI
    $200 4
the Bastille

Tom
    $200 6
the Quran

Tom
    $200 14
the Aleutians

Jeffrey
    $200 16
Gingrich

Tom
    $200 1
Athens

Jeffrey
    $200 12
the Mayflower

Jeffrey
    $400 5
"The Marseillaise"

Lori
    $400 21
Latter-Day Saints

Tom
    $400 15
Greenland

Tom
    $400 17
Cuomo

Tom
    $400 2
The Merchant of Venice

Lori
    $400 13
Oslo

Jeffrey
    $1,800 7
(Jean-Paul) Marat

Tom
    $600 22
Judaism

Lori
    $600 25
Indonesia

Tom
    $600 18
Gephardt

Tom
    $600 3
Chekhov

Tom
    $600 28
cacao

Tom
    $800 8
Guillotine (Guillotin)

Jeffrey
    $800 23
Vatican II

Tom
    $800 26
the Canarys

Tom
    $2,000 19
(Tom: What is Utah?)

Indiana

Tom
    $800 10
Eugene O'Neill

Jeffrey
    $800 29
Poland

Tom
    $1000 9
the Jacobin Club

Jeffrey
    $1000 24
Sikh

Tom
    $1000 27
the Channel Islands

Tom
    $1000 20
(Robert) Byrd

Tom
    $1000 11
SMU (Southern Methodist)

Tom
    $1000 30
(Jeffrey: What is a sirocco?)

the Chinook

Jeffrey
Triple Stumper

Scores at the end of the Double Jeopardy! Round:

Tom Jeffrey Lori
$13,200 $5,400 $2,600
(lock game)

[wagering suggestions for these scores]

Final Jeopardy! Round responses

BIRTHSTONES
(Alex: [To Lori] You wrote down, "What is [**]? The birthstone is?)
(Lori: Opal.)
...
(Alex: [To Jeffrey] What's the "R-O-C" behind that?)
(Jeffrey: Um, In the tradition of the group--I could tell you, but I'd have to kill you first.)
[Mild laughter]
(Alex: Oh. Oh, okay... Do you know what the birthstone is?)
(Jeffrey: No.)
(Alex: Sapphire.)
LoriWhat is October
$600
JeffreyWhat is September? ROC
$100
TomWhat is May?
$0
(1 of) September or October

Final scores:

Tom Jeffrey Lori
$13,200 $5,500 $3,200
2-day champion: $27,412 2nd place: Evergreen soft sauna steam room & Aiwa digital mini system + Jeopardy! home game 3rd place: Vivitar 440EZ camera + Jeopardy! home game

Game dynamics:

Coryat scores:

Tom Jeffrey Lori
$14,000 $6,100 $2,600
28 R
(including 1 DD),
1 W
(including 1 DD)
20 R,
2 W
(including 1 DD)
7 R,
0 W

Combined Coryat: $22,700

[game clues] [game scores] [suggest correction]

Game tape date: Unknown
The J! Archive is created by fans, for fans. Scraping, republication, monetization, and malicious use prohibited; this site may use cookies and collect identifying information. See terms. The Jeopardy! game show and all elements thereof, including but not limited to copyright and trademark thereto, are the property of Jeopardy Productions, Inc. and are protected under law. This website is not affiliated with, sponsored by, or operated by Jeopardy Productions, Inc. Join the discussion at JBoard.tv.